00633nam a2200193Ia 4500008004100000050002400041050001500065100002100080245009100101245007200192260003100264260001000295260001000305300001500315300002000330300001100350500005600361650002200417150520s9999 xx 000 0 und d aRG 556.5 .G669 2015 b.G669 2015 aGonzales, Paolo. 4aThe impact of the lived experiences of being a ttenage mother on their self-concept /  cPaolo Gonzales, Karina Jaranilla, Christine Llamera, Ronald Suayan. aLas Piñas, Philippines : bSISC, c2015. a73 pages : billustrations ; c28 cm. aIncludes bibliographical references and appendices. aTeenage pregnancy